Starting On West Coast Of South America Name The Countries The Equator Passes Through - Statistics

General Stats
  • This quiz has been taken 41 times
  • The average score is 8 of 13
Answer Stats
Answer % Correct
Brazil
95%
Ecuador
92%
Colombia
87%
Indonesia
82%
Kenya
77%
Uganda
69%
Gabon
62%
Somalia
56%
Democratic Republic Of The Congo
41%
Kiribati
41%
Maldives
41%
Republic Of The Congo
38%
Sao Tome and Principe
36%
No matching quizzes found
Score Distribution
Percent of People with Each Score
Percentile by Number Answered
Your Score History
You have not taken this quiz